Substance abuse counseling/ (Record no. 4809)
[ view plain ]
| 000 -LEADER | |
|---|---|
| fixed length control field | 00807nam a22002417a 4500 |
| 003 - CONTROL NUMBER IDENTIFIER | |
| control field | OSt |
| 005 - DATE AND TIME OF LATEST TRANSACTION | |
| control field | 20251010025739.0 |
| 008 - FIXED-LENGTH DATA ELEMENTS--GENERAL INFORMATION | |
| fixed length control field | 251010b |||||||| |||| 00| 0 eng d |
| 020 ## - INTERNATIONAL STANDARD BOOK NUMBER | |
| International Standard Book Number | 13 : 978-0-495-80874-9. |
| 040 ## - CATALOGING SOURCE | |
| Original cataloging agency | DWCL-Admin lib |
| Transcribing agency | OC |
| 082 ## - DEWEY DECIMAL CLASSIFICATION NUMBER | |
| Edition number | 4th ed. |
| Classification number | Circ. 362.29 L674s 2011 |
| 100 ## - MAIN ENTRY--PERSONAL NAME | |
| Personal name | Lewis, Judith A. |
| 245 ## - TITLE STATEMENT | |
| Title | Substance abuse counseling/ |
| Statement of responsibility, etc. | Judith A. Lewis |
| 260 ## - PUBLICATION, DISTRIBUTION, ETC. | |
| Place of publication, distribution, etc. | Belmont, calif. : |
| Name of publisher, distributor, etc. | Brooksl/cole Cengage Learning, |
| Date of publication, distribution, etc. | c2011 |
| 300 ## - PHYSICAL DESCRIPTION | |
| Extent | xi, 290 p. : ill. ; |
| Dimensions | 24 cm. |
| 504 ## - BIBLIOGRAPHY, ETC. NOTE | |
| Bibliography, etc. note | Includes bibligrahical references & index. |
| 650 ## - SUBJECT ADDED ENTRY--TOPICAL TERM | |
| Topical term or geographic name entry element | 1. Drug abuse counseling |
| 650 ## - SUBJECT ADDED ENTRY--TOPICAL TERM | |
| Topical term or geographic name entry element | 2. Substance abuse-Patients-Counseling of |
| 650 ## - SUBJECT ADDED ENTRY--TOPICAL TERM | |
| Topical term or geographic name entry element | 3. Substance abuse-Treatment |
| 700 ## - ADDED ENTRY--PERSONAL NAME | |
| Personal name | Dana, Robert Q. |
| 700 ## - ADDED ENTRY--PERSONAL NAME | |
| Personal name | Belvins, Gregory A. |
| 942 ## - ADDED ENTRY ELEMENTS (KOHA) | |
| Source of classification or shelving scheme | Dewey Decimal Classification |
| Koha item type | Book Circulation |
| Edition | 4th ed. |
| Call number prefix | Circ. |
| Suppress in OPAC | No |
| 952 ## - LOCATION AND ITEM INFORMATION (KOHA) | |
| -- | |
| Withdrawn status | Lost status | Source of classification or shelving scheme | Damaged status | Not for loan | Home library | Current library | Shelving location | Date acquired | Source of acquisition | Total Checkouts | Full call number | Barcode | Date last seen | Copy number | Price effective from | Koha item type | Uniform Resource Identifier |
|---|---|---|---|---|---|---|---|---|---|---|---|---|---|---|---|---|---|
| Dewey Decimal Classification | College Library | College Library | Circulation | 04/05/2011 | School Fund | Circ. 362.29 L674s 2011 | 48273 | 10/10/2025 | c1 | 10/10/2025 | BK-CIRC |